01774cam a2200313 i 450000100090000000300060000900500170001500800410003201000170007302000230009004000280011304200080014105000220014908200170017110000360018824501020022426400430032630000230036933600260039233700280041833800270044650400530047350506820052665000230120865000270123165000200125865000320127877601500131020802464GBCCL20241126110707.0190108s2019 ilu b 001 0 eng  a 2019000335 a9781433565267 (tp) aDLCbengcDLCerdadDLC apcc00aBR118b.O785 201900a230223bORT1 aOrtlund, Gavin,d1983-eauthor.10aTheological retrieval for evangelicals :bwhy we need our past to have a future /cGavin Ortlund. 1aWheaton, Illinois :bCrossway,c[2019] a218 pages ;c23 cm atextbtxt2rdacontent aunmediatedbn2rdamedia avolumebnc2rdacarrier aIncludes bibliographical references and indexes.0 aA manifesto for theological retrieval -- Can evangelicals retrieve patristic and medieval theology? -- Why evangelicals need theological retrieval -- Benefits and perils of theological retrieval -- Case studies in theological retrieval -- Explorations in a theological metaphor: Boethius, Calvin, and Torrance on the creator/creation distinction -- Divine simplicity in patristic and medieval perspective: resourcing a contemporary discussion -- Substitution as both satisfaction and recapitulation: atonement themes in convergence in Irenaeus, Anselm, and Athanasius -- Cultivating skill in the "art of arts:" pastoral balance in Gregory the Great's The book of pastoral rule. 0aTheologyxHistory. 0aTheologyxMethodology. 0aEvangelicalism. 0aReformed ChurchxDoctrines.08iOnline version:aOrtlund, Gavin, 1983- author.tTheological retrieval for evangelicalsdWheaton : Crossway, 2019z9781433565274w(DLC) 2019021797